[Event "MCR_KT37"]
[Site "?"]
[Date "2007.??.??"]
[Round "?"]
[White "Vins, Karel"]
[Black "Martin, Petr"]
[Result "0-1"]
[WhiteElo "1710"]
[BlackElo "1791"]
[PlyCount "32"]
[EventDate "2007.??.??"]
[EventType "corr"]
[EventRounds "2"]
[SourceDate "2007.09.24"]

1. e4 e5 2. f4 d5 3. exd5 e4 4. Qe2 Nf6 5. c4 Bc5 6. h3 O-O 7. a3 c6 8. dxc6
Nxc6 9. Nc3 Nd4 10. Qd1 Nf5 11. Nge2 Nh5 12. Nxe4 Qh4+ 13. g3 Nfxg3 14. N2xg3
Nxg3 15. Nxg3 Qxg3+ 16. Ke2 Re8# 0-1

[Event "MCR_KT37"]
[Site "?"]
[Date "2007.??.??"]
[Round "?"]
[White "Smolka, Jan"]
[Black "Urban, Miroslav"]
[Result "1-0"]
[WhiteElo "1800"]
[BlackElo "2022"]
[PlyCount "35"]
[EventDate "2007.??.??"]
[EventType "corr"]
[EventRounds "2"]
[SourceDate "2007.09.24"]

1. d4 d5 2. Nf3 Nf6 3. e3 e6 4. Bd3 c5 5. c3 Nbd7 6. Nbd2 Bd6 7. O-O O-O 8. Re1
Qc7 9. e4 cxd4 10. cxd4 dxe4 11. Nxe4 b6 12. Bg5 Bb7 13. Rc1 Qb8 14. Nxf6+ gxf6
15. Nh4 f5 16. Nxf5 exf5 17. Bxf5 Re8 18. Qg4 1-0

[Event "MCR_KT37"]
[Site "?"]
[Date "2007.??.??"]
[Round "?"]
[White "Martin, Petr"]
[Black "Urban, Miroslav"]
[Result "0-1"]
[WhiteElo "1791"]
[BlackElo "2022"]
[PlyCount "36"]
[EventDate "2007.??.??"]
[EventType "corr"]
[EventRounds "2"]
[SourceDate "2007.09.24"]

1. c4 e5 2. Nf3 e4 3. Nd4 Nc6 4. e3 Bc5 5. Nxc6 dxc6 6. d4 exd3 7. Bxd3 Qg5 8.
O-O Bg4 9. Qc2 O-O-O 10. Nd2 Nf6 11. Re1 Kb8 12. Ne4 Nxe4 13. Bxe4 f5 14. Bd3
Bf3 15. Bf1 Bb4 16. e4 f4 17. g3 Bxe1 18. Bxf4 Qh5 0-1

[Event "MCR_KT37"]
[Site "?"]
[Date "2007.??.??"]
[Round "?"]
[White "Martin, Petr"]
[Black "Smolka, Jan"]
[Result "0-1"]
[WhiteElo "1791"]
[BlackElo "1800"]
[PlyCount "34"]
[EventDate "2007.??.??"]
[EventType "corr"]
[EventRounds "2"]
[SourceDate "2007.09.24"]

1. c4 e5 2. Nf3 Nc6 3. d4 e4 4. d5 exf3 5. dxc6 fxg2 6. cxd7+ Qxd7 7. Qxd7+
Bxd7 8. Bxg2 O-O-O 9. Nc3 Nf6 10. Bg5 Be6 11. Rc1 Bxc4 12. Ne4 Nxe4 13. Bxd8
Bb4+ 14. Kf1 Nd2+ 15. Kg1 Rxd8 16. e3 Bxa2 17. Ra1 Bd5 0-1

[Event "MCR_KT37"]
[Site "?"]
[Date "2007.??.??"]
[Round "?"]
[White "Smolka, Jan"]
[Black "Martin, Petr"]
[Result "1-0"]
[WhiteElo "1800"]
[BlackElo "1791"]
[PlyCount "33"]
[EventDate "2007.??.??"]
[EventType "corr"]
[EventRounds "2"]
[SourceDate "2007.09.24"]

1. d4 Nf6 2. Nf3 g6 3. Bf4 Bg7 4. e3 O-O 5. Be2 d6 6. O-O Nbd7 7. h3 Re8 8. Bh2
e5 9. dxe5 dxe5 10. Nxe5 Ne4 11. Nd3 Ndc5 12. Nxc5 Qxd1 13. Rxd1 Bxb2 14. Nxe4
Bxa1 15. Nbc3 Bxc3 16. Nxc3 Bf5 17. Nd5 1-0

[Event "MCR_KT37"]
[Site "?"]
[Date "2007.??.??"]
[Round "?"]
[White "Urban, Miroslav"]
[Black "Martin, Petr"]
[Result "1-0"]
[WhiteElo "2022"]
[BlackElo "1791"]
[PlyCount "37"]
[EventDate "2007.??.??"]
[EventType "corr"]
[EventRounds "2"]
[SourceDate "2007.09.24"]

1. Nf3 Nf6 2. c4 g6 3. Nc3 Bg7 4. d4 O-O 5. e4 d6 6. Be2 Nbd7 7. O-O e5 8. Be3
Re8 9. d5 Nc5 10. Nd2 Nfd7 11. b4 Na6 12. Rb1 f5 13. f3 f4 14. Bf2 Nf6 15. c5
g5 16. Qa4 g4 17. c6 Bh6 18. cxb7 Bxb7 19. Bh4 1-0

[Event "MCR_KT37"]
[Site "?"]
[Date "2007.??.??"]
[Round "?"]
[White "Petricek, Jiri"]
[Black "Urban, Miroslav"]
[Result "0-1"]
[WhiteElo "1639"]
[BlackElo "2022"]
[PlyCount "20"]
[EventDate "2007.??.??"]
[EventType "corr"]
[EventRounds "2"]
[SourceDate "2007.09.24"]

1. e4 c5 2. Nf3 d6 3. d4 cxd4 4. Nxd4 Nf6 5. Nc3 a6 6. Be3 e5 7. Nf3 Be7 8. Bc4
O-O 9. O-O Be6 10. Qe2 Nc6 0-1

[Event "MCR_KT37"]
[Site "?"]
[Date "2007.??.??"]
[Round "?"]
[White "Urban, Miroslav"]
[Black "Vins, Karel"]
[Result "1-0"]
[WhiteElo "2022"]
[BlackElo "1710"]
[PlyCount "51"]
[EventDate "2007.??.??"]
[EventType "corr"]
[EventRounds "2"]
[SourceDate "2007.09.24"]

1. Nf3 Nf6 2. c4 c5 3. d4 cxd4 4. Nxd4 Nc6 5. Nc3 e5 6. Ndb5 a6 7. Nd6+ Bxd6 8.
Qxd6 Qe7 9. Qxe7+ Nxe7 10. Bg5 h6 11. Bxf6 gxf6 12. Ne4 Ng8 13. Nd6+ Ke7 14.
Rd1 b5 15. e3 b4 16. Be2 h5 17. Bf3 Rb8 18. O-O h4 19. c5 Nh6 20. Rd2 f5 21.
Rfd1 e4 22. Be2 Rd8 23. f3 Bb7 24. Nxb7 Rxb7 25. Rd6 f6 26. fxe4 1-0

[Event "MCR_KT37"]
[Site "?"]
[Date "2007.??.??"]
[Round "?"]
[White "Vins, Karel"]
[Black "Urban, Miroslav"]
[Result "0-1"]
[WhiteElo "1710"]
[BlackElo "2022"]
[PlyCount "50"]
[EventDate "2007.??.??"]
[EventType "corr"]
[EventRounds "2"]
[SourceDate "2007.09.24"]

1. e4 c5 2. Nf3 d6 3. d4 cxd4 4. Nxd4 Nf6 5. Nc3 a6 6. Bg5 e6 7. Nb3 Be7 8. f4
h6 9. Qd2 hxg5 10. O-O-O Nh5 11. Kb1 Nxf4 12. g3 Ng6 13. Bd3 Nc6 14. Qf2 b5 15.
a3 Bd7 16. Rhf1 Bf6 17. Na2 Qc7 18. c3 Nce5 19. Bc2 Ng4 20. Qd2 Rxh2 21. Qe1 b4
22. axb4 Bb5 23. Bd3 N6e5 24. Bxb5+ axb5 25. Rd2 Rxd2 0-1

[Event "MCR_KT37"]
[Site "?"]
[Date "2007.??.??"]
[Round "?"]
[White "Smolka, Jan"]
[Black "Vins, Karel"]
[Result "1-0"]
[WhiteElo "1800"]
[BlackElo "1710"]
[PlyCount "61"]
[EventDate "2007.??.??"]
[EventType "corr"]
[EventRounds "2"]
[SourceDate "2007.09.24"]

1. d4 d5 2. Nf3 Nf6 3. e3 Bf5 4. Bd3 Bxd3 5. Qxd3 c6 6. O-O Qd6 7. Nc3 Nbd7 8.
e4 dxe4 9. Nxe4 Nxe4 10. Qxe4 Nf6 11. Qh4 e6 12. Re1 h6 13. Bf4 Qd8 14. c4 Nd7
15. Qg3 g5 16. Bc7 Qf6 17. Rad1 Bb4 18. Re2 Be7 19. Ne5 Qf5 20. Qb3 Nxe5 21.
Rxe5 Qg6 22. Qxb7 O-O 23. Re2 c5 24. d5 exd5 25. Rxe7 dxc4 26. Be5 Qf5 27. h3
Qc8 28. Qf3 f5 29. Qd5+ Qe6 30. Qxe6+ Rf7 31. Qxf7# 1-0

[Event "MCR_KT37"]
[Site "?"]
[Date "2007.??.??"]
[Round "?"]
[White "Vins, Karel"]
[Black "Smolka, Jan"]
[Result "0-1"]
[WhiteElo "1710"]
[BlackElo "1800"]
[PlyCount "70"]
[EventDate "2007.??.??"]
[EventType "corr"]
[EventRounds "2"]
[SourceDate "2007.09.24"]

1. e4 e5 2. Nf3 Nc6 3. d4 exd4 4. Nxd4 Bc5 5. Nxc6 Qf6 6. Qf3 Qxf3 7. gxf3 bxc6
8. Be3 Bxe3 9. fxe3 Rb8 10. b3 Ne7 11. Nd2 g5 12. h3 d6 13. O-O-O Ng6 14. Be2
Ke7 15. c4 c5 16. Kc2 a5 17. a4 h6 18. Kc3 Rg8 19. Rdf1 Nh4 20. Rf2 Be6 21. Nf1
c6 22. Nd2 f6 23. f4 gxf4 24. Rxf4 Ng6 25. Rf2 Ne5 26. h4 Rg3 27. Nf1 Rg7 28.
Nd2 Rbg8 29. Rhh2 Bg4 30. Bf1 Bd1 31. Be2 Bxe2 32. Rxe2 Rg1 33. Rhf2 Rc1+ 34.
Kb2 Nd3+ 35. Ka2 Rgg1 0-1

[Event "MCR_KT37"]
[Site "?"]
[Date "2007.??.??"]
[Round "?"]
[White "Lucan, Zdenko"]
[Black "Smolka, Jan"]
[Result "0-1"]
[WhiteElo "1639"]
[BlackElo "1800"]
[PlyCount "44"]
[EventDate "2007.??.??"]
[EventType "corr"]
[EventRounds "2"]
[SourceDate "2007.09.24"]

1. b3 e5 2. Bb2 Nc6 3. c4 Nf6 4. h3 d5 5. cxd5 Nxd5 6. e3 Ndb4 7. a3 Nd3+ 8.
Bxd3 Qxd3 9. Bc3 Be6 10. Ne2 Qg6 11. Ng3 h5 12. h4 O-O-O 13. d4 exd4 14. exd4
Bc5 15. O-O Nxd4 16. Nd2 Nxb3 17. Ra2 Qxg3 18. Qf3 Qg6 19. Nxb3 Bxb3 20. Rb2
Rd3 21. Qe2 Bd5 22. g4 Rh3 0-1

[Event "MCR_KT37"]
[Site "?"]
[Date "2007.??.??"]
[Round "?"]
[White "Urban, Miroslav"]
[Black "Smolka, Jan"]
[Result "1-0"]
[WhiteElo "2022"]
[BlackElo "1800"]
[PlyCount "73"]
[EventDate "2007.??.??"]
[EventType "corr"]
[EventRounds "2"]
[SourceDate "2007.09.24"]

1. Nf3 d5 2. d4 Nf6 3. c4 e6 4. Nc3 c6 5. Bg5 dxc4 6. e4 b5 7. e5 h6 8. Bh4 g5
9. Nxg5 hxg5 10. Bxg5 Nbd7 11. g3 Bb7 12. Bg2 Qb6 13. exf6 c5 14. d5 O-O-O 15.
O-O b4 16. Rb1 Qa6 17. dxe6 Bxg2 18. e7 Bxf1 19. Kxf1 Qc6 20. exd8=Q+ Kxd8 21.
Nd5 Rxh2 22. Kg1 Rh8 23. Qf3 Bd6 24. Rd1 Ne5 25. Qe4 Nd3 26. Bf4 Bxf4 27. Qxc4
Rh1+ 28. Kxh1 Nxb2 29. Qxf4 Nxd1 30. Qe5 Nxf2+ 31. Kg1 Nh3+ 32. Kh2 Ng5 33.
Qxg5 Qe6 34. Qd2 Qd6 35. Qg2 a5 36. Nf4 Qxf6 37. Qd5+ 1-0

[Event "MCR_KT37"]
[Site "?"]
[Date "2007.??.??"]
[Round "?"]
[White "Lucan, Zdenko"]
[Black "Urban, Miroslav"]
[Result "0-1"]
[WhiteElo "1639"]
[BlackElo "2022"]
[PlyCount "64"]
[EventDate "2007.??.??"]
[EventType "corr"]
[EventRounds "2"]
[SourceDate "2007.09.24"]

1. e4 c5 2. Nf3 d6 3. Nc3 e5 4. Bb5+ Nc6 5. O-O Nf6 6. Nd5 Nxe4 7. d3 Nf6 8.
Bxc6+ bxc6 9. Nxf6+ Qxf6 10. c4 Qg6 11. Qe2 Be7 12. Bg5 Bxg5 13. Nxg5 Qxg5 14.
Qe4 O-O 15. g3 Bh3 16. Rfe1 Rac8 17. Qh4 Qxh4 18. gxh4 f5 19. Re3 Bg4 20. f3 f4
21. Ree1 Bxf3 22. a3 Rb8 23. Rab1 Rb3 24. Kf2 Bh5 25. Rec1 Rxd3 26. Rc3 Rd2+
27. Kg1 f3 28. Rcc1 f2+ 29. Kf1 Bf3 30. b4 Bg2+ 31. Kxg2 f1=Q+ 32. Kg3 Qf3# 0-1

[Event "MCR_KT37"]
[Site "?"]
[Date "2007.??.??"]
[Round "?"]
[White "Urban, Miroslav"]
[Black "Lucan, Zdenko"]
[Result "1-0"]
[WhiteElo "2022"]
[BlackElo "1639"]
[PlyCount "61"]
[EventDate "2007.??.??"]
[EventType "corr"]
[EventRounds "2"]
[SourceDate "2007.09.24"]

1. Nf3 Nf6 2. c4 g6 3. Nc3 Bg7 4. d4 d6 5. g3 Bg4 6. Bg2 Nbd7 7. h3 Bxf3 8.
Bxf3 c6 9. Be3 O-O 10. O-O e5 11. d5 c5 12. Qc2 Re8 13. b3 a6 14. Qd2 Bf8 15.
Rae1 e4 16. Bg2 b6 17. g4 Bg7 18. g5 Nh5 19. Nxe4 Qc7 20. Qd3 Rf8 21. Bd2 Ne5
22. Qc2 Rae8 23. f4 Nd7 24. f5 gxf5 25. Rxf5 Bd4+ 26. e3 Be5 27. Bc3 Bxc3 28.
Qxc3 Ng7 29. Nf6+ Nxf6 30. gxf6 Qd7 31. Rg5 1-0

[Event "MCR_KT37"]
[Site "?"]
[Date "2007.??.??"]
[Round "?"]
[White "Lucan, Zdenko"]
[Black "Vins, Karel"]
[Result "1/2-1/2"]
[WhiteElo "1639"]
[BlackElo "1710"]
[PlyCount "55"]
[EventDate "2007.??.??"]
[EventType "corr"]
[EventRounds "2"]
[SourceDate "2007.09.24"]

1. Nf3 Nf6 2. g3 d5 3. Bg2 e6 4. d3 c5 5. Nbd2 Nc6 6. a3 a5 7. c3 Qc7 8. Nb3 h6
9. h3 Bd6 10. O-O O-O 11. Be3 b6 12. Qd2 a4 13. Nc1 Bb7 14. d4 c4 15. Na2 Ne4
16. Qe1 b5 17. Nb4 Ne7 18. Nh2 f5 19. f4 Kh7 20. Bxe4 dxe4 21. Qf2 Rg8 22. Kh1
Bxb4 23. cxb4 Bc6 24. g4 Nd5 25. Rac1 Raf8 26. Rg1 Be8 27. h4 h5 28. g5 1/2-1/2

[Event "MCR_KT37"]
[Site "?"]
[Date "2007.??.??"]
[Round "?"]
[White "Lucan, Zdenko"]
[Black "Martin, Petr"]
[Result "0-1"]
[WhiteElo "1639"]
[BlackElo "1791"]
[PlyCount "56"]
[EventDate "2007.??.??"]
[EventType "corr"]
[EventRounds "2"]
[SourceDate "2007.09.24"]

1. b3 Nf6 2. Bb2 d6 3. c4 e5 4. d3 Be7 5. e4 O-O 6. Nc3 Nbd7 7. Be2 Nc5 8. b4
Ne6 9. Nd5 c6 10. Nxf6+ Bxf6 11. Nf3 Nf4 12. O-O Nxe2+ 13. Qxe2 Be7 14. Bc1 f5
15. exf5 Bxf5 16. Nd2 d5 17. Bb2 Bxb4 18. Qxe5 Rf7 19. Nf3 Bxd3 20. Rfd1 Be4
21. Bc3 Bxc3 22. Qxc3 Bxf3 23. gxf3 Qg5+ 24. Kh1 dxc4 25. Qxc4 Raf8 26. Rd7 Qf6
27. Rxf7 Qxa1+ 28. Kg2 Rxf7 0-1

[Event "MCR_KT37"]
[Site "?"]
[Date "2007.??.??"]
[Round "?"]
[White "Smolka, Jan"]
[Black "Lucan, Zdenko"]
[Result "1-0"]
[WhiteElo "1800"]
[BlackElo "1639"]
[PlyCount "58"]
[EventDate "2007.??.??"]
[EventType "corr"]
[EventRounds "2"]
[SourceDate "2007.09.24"]

1. d4 Nf6 2. Nf3 d6 3. c4 Bg4 4. Nc3 Bxf3 5. exf3 g6 6. Qb3 b6 7. Qa4+ Qd7 8.
Qxd7+ Nbxd7 9. Nb5 Kd8 10. a4 a6 11. Nc3 c6 12. Bd3 e5 13. d5 c5 14. a5 Nh5 15.
O-O Nf4 16. Bc2 Bg7 17. Re1 Re8 18. g3 Nh5 19. Ne4 Bf8 20. Ng5 Nhf6 21. Nxf7+
Kc7 22. Ng5 Kb7 23. Ba4 Rec8 24. f4 e4 25. Nxe4 Kc7 26. axb6+ Nxb6 27. Nxf6
Nxc4 28. Nxh7 Bg7 29. Re7+ Kb8 1-0

[Event "MCR_KT37"]
[Site "?"]
[Date "2007.??.??"]
[Round "?"]
[White "Martin, Petr"]
[Black "Vins, Karel"]
[Result "0-1"]
[WhiteElo "1791"]
[BlackElo "1710"]
[PlyCount "104"]
[EventDate "2007.??.??"]
[EventType "corr"]
[EventRounds "2"]
[SourceDate "2007.09.24"]

1. c4 e5 2. Nf3 Nc6 3. d4 exd4 4. Nxd4 Nxd4 5. Qxd4 Qf6 6. Qe4+ Qe6 7. Nc3 Qxe4
8. Nxe4 d6 9. e3 Be7 10. Bd3 Be6 11. Ke2 Nf6 12. Bd2 Nxe4 13. Bxe4 Rb8 14. Bc3
O-O 15. b3 b6 16. Rhd1 f5 17. Bd5 Bxd5 18. cxd5 Bf6 19. Rac1 Bd8 20. b4 a6 21.
a4 Ra8 22. Bd4 Rf7 23. f3 a5 24. Rc4 axb4 25. Rxb4 g6 26. Ra1 Bf6 27. Bxf6 Rxf6
28. Rb5 Rf7 29. Kd3 Rc8 30. Rc1 Ra8 31. Rb4 Kf8 32. Kc4 Ra5 33. Rc3 Rc5+ 34.
Kb3 Rxd5 35. Rb5 Rd2 36. Rc2 Rxc2 37. Kxc2 Ke7 38. a5 bxa5 39. Rxa5 Ke6 40. Kd3
c6 41. Kc2 d5 42. g3 Kd6 43. Kd3 Rc7 44. f4 h5 45. Ra8 Re7 46. Re8 Kc5 47. Rg8
Re6 48. Rb8 Rf6 49. h4 Kd6 50. Kd4 c5+ 51. Kd3 Kc7 52. Rd8 Kxd8 0-1

[Event "MCR_KT37"]
[Site "?"]
[Date "2007.??.??"]
[Round "?"]
[White "Martin, Petr"]
[Black "Lucan, Zdenko"]
[Result "1-0"]
[WhiteElo "1791"]
[BlackElo "1639"]
[PlyCount "69"]
[EventDate "2007.??.??"]
[EventType "corr"]
[EventRounds "2"]
[SourceDate "2007.09.24"]

1. c4 Nf6 2. d4 e6 3. a3 Be7 4. Nc3 b6 5. e4 Bb7 6. e5 Ne4 7. f3 Nxc3 8. bxc3
d6 9. Bf4 dxe5 10. Bxe5 O-O 11. Bd3 g6 12. Qd2 Nd7 13. Bg3 Bh4 14. Ne2 Bxg3+
15. hxg3 Re8 16. Qh6 Nf8 17. Kf2 Qf6 18. Nf4 Qg7 19. Rae1 Qxh6 20. Rxh6 Rad8
21. Bc2 Bc8 22. Nd3 a5 23. Ne5 f6 24. Nc6 Rd6 25. Na7 Ba6 26. Nb5 Bxb5 27. cxb5
Rd5 28. Ke3 Rxb5 29. Ba4 Rb1 30. Rxb1 Re7 31. Rbh1 g5 32. Kf2 e5 33. Re1 Ng6
34. Bc2 Kf8 35. f4 1-0

[Event "MCR_KT37"]
[Site "?"]
[Date "2007.??.??"]
[Round "?"]
[White "Vins, Karel"]
[Black "Lucan, Zdenko"]
[Result "1/2-1/2"]
[WhiteElo "1710"]
[BlackElo "1639"]
[PlyCount "55"]
[EventDate "2007.??.??"]
[EventType "corr"]
[EventRounds "2"]
[SourceDate "2007.09.24"]

1. e4 c6 2. d4 d5 3. Nc3 dxe4 4. Nxe4 Bf5 5. Ng3 Bg6 6. Nf3 e6 7. c3 Be7 8. h4
h6 9. Bd3 Bxd3 10. Qxd3 Nf6 11. Be3 Ng4 12. h5 Nxe3 13. Qxe3 Nd7 14. Ne2 O-O
15. Qd3 Nf6 16. O-O-O Ng4 17. Rdf1 Bg5+ 18. Kb1 Qd5 19. Qc2 Qf5 20. Qxf5 exf5
21. Nxg5 hxg5 22. Nc1 Nh6 23. Nd3 b6 24. f3 f6 25. Re1 Rae8 26. Kc2 Rxe1 27.
Rxe1 Kf7 28. f4 1/2-1/2